Democracy in Peril: (Record no. 223301)
[ view plain ]
| 000 -LEADER | |
|---|---|
| fixed length control field | 00646nam a22002057a 4500 |
| 005 - DATE AND TIME OF LATEST TRANSACTION | |
| control field | 20220718101005.0 |
| 008 - FIXED-LENGTH DATA ELEMENTS--GENERAL INFORMATION | |
| fixed length control field | 220608b ||||| |||| 00| 0 eng d |
| 040 ## - CATALOGING SOURCE | |
| Transcribing agency | AL |
| 041 ## - LANGUAGE CODE | |
| Language code of text/sound track or separate title | English |
| 082 ## - DEWEY DECIMAL CLASSIFICATION NUMBER | |
| Edition number | 23 |
| Classification number | 320.473 |
| Item number | ROYD |
| 100 ## - MAIN ENTRY--PERSONAL NAME | |
| Personal name | Tathagata Roy Ed |
| 100 ## - MAIN ENTRY--PERSONAL NAME | |
| 9 (RLIN) | 50482 |
| 245 ## - TITLE STATEMENT | |
| Title | Democracy in Peril: |
| Remainder of title | A Quarter Century of CPI (M)S Fraud and Terror Raj in West Bengal |
| 260 ## - PUBLICATION, DISTRIBUTION, ETC. | |
| Place of publication, distribution, etc. | West Bengal |
| Name of publisher, distributor, etc. | Bharatiya Janata Party |
| Date of publication, distribution, etc. | 2003 |
| 300 ## - PHYSICAL DESCRIPTION | |
| Extent | 72 p. |
| Other physical details | PB |
| Dimensions | 21.5x13.5 cm. |
| 365 ## - TRADE PRICE | |
| Price amount | ₹20.00 |
| Currency code | ₹ |
| Unit of pricing | ₹20.00 |
| 650 ## - SUBJECT ADDED ENTRY--TOPICAL TERM | |
| Topical term or geographic name entry element | West Bengal |
| 9 (RLIN) | 41114 |
| 650 ## - SUBJECT ADDED ENTRY--TOPICAL TERM | |
| Topical term or geographic name entry element | Politics and government |
| 9 (RLIN) | 41115 |
| 700 ## - ADDED ENTRY--PERSONAL NAME | |
| Personal name | ROY (Tathagata) Ed |
| 9 (RLIN) | 41116 |
| 942 ## - ADDED ENTRY ELEMENTS (KOHA) | |
| Source of classification or shelving scheme | Dewey Decimal Classification |
| Koha item type | George Fernandes Collections |
| Withdrawn status | Lost status | Source of classification or shelving scheme | Damaged status | Not for loan | Collection code | Home library | Current library | Date acquired | Total Checkouts | Full call number | Barcode | Date last seen | Price effective from | Koha item type |
|---|---|---|---|---|---|---|---|---|---|---|---|---|---|---|
| Dewey Decimal Classification | Political Science | St Aloysius Library | St Aloysius Library | 03/24/2013 | 320.473 ROYD | GF03147 | 06/08/2022 | 06/08/2022 | George Fernandes Collections | |||||
| Dewey Decimal Classification | Political Science | St Aloysius Library | St Aloysius Library | 03/24/2013 | 320.473 ROYD | GF00636 | 07/18/2022 | 07/18/2022 | George Fernandes Collections |